Assessment of Stress (Record no. 97232)

MARC details
000 -LEADER
fixed length control field 00392nam a2200157Ia 4500
008 - FIXED-LENGTH DATA ELEMENTS--GENERAL INFORMATION
fixed length control field 230128s9999 xx 000 0 und d
041 ## - LANGUAGE CODE
Language code of text/sound track or separate title eng
082 ## - DEWEY DECIMAL CLASSIFICATION NUMBER
Classification number GAV PR0474
Item number GAV
100 ## - MAIN ENTRY--PERSONAL NAME
Personal name Gavande Prajakta A.
9 (RLIN) 118934
245 ## - TITLE STATEMENT
Title Assessment of Stress
250 ## - EDITION STATEMENT
Edition statement 2K101034
260 ## - PUBLICATION, DISTRIBUTION, ETC. (IMPRINT)
Date of publication, distribution, etc. 2012
Name of publisher, distributor, etc. Pune University
Place of publication, distribution, etc. Ratnagiri
300 ## - PHYSICAL DESCRIPTION
Extent 65p
502 ## - DISSERTATION NOTE
Name of granting institution Sonar Pranita

No items available.